Hulk Characters By Picture Quiz Stats

Quiz not verified by Sporcle

Score 0/37 Timer 10:00
0 Plays Today
% Correct
The Incredible Hulk (Dr. Bruce Banner)
99.7%
She-Hulk (Jennifer Walters)
97.1%
Red Hulk (General Thunderbolt Ross)
95.2%
The Rhino
91.5%
Abomination
84.4%
Juggernaut
83.7%
Betty Ross
81.4%
The Leader
77.6%
Absorbing Man
73.4%
Wendigo
59.5%
Skaar
47%
Doc Samson
45.8%
A-Bomb (Rick Jones)
40.3%
Thundra
39.7%
Ringmaster
39.3%
Maestro
33.8%
Gargoyle
29.8%
General John Ryker
29.2%
Bi-Beast
28.2%
% Correct
Gremlin
23.8%
Lyra
21.9%
Jarella
17.5%
Red King
17.4%
Tyrannus
16.3%
Caiera
14.3%
Glob
14%
Glorian
13.9%
Toad Men (Tribbities)
11.6%
Jim Wilson
11.6%
Scorpion
10.8%
Halflife
10.1%
Flux
9.6%
Madman
8.7%
Ravage
8.5%
Sabra
8.5%
Missing Link
6.5%
Metal Master
6.1%

You're not logged in!

Compare scores with friends on all Sporcle quizzes.
Sign Up with Email
OR
Log In

You Might Also Like...

Show Comments

Extras

Top Quizzes Today


Score Distribution

Your Account Isn't Verified!

In order to create a playlist on Sporcle, you need to verify the email address you used during registration. Go to your Sporcle Settings to finish the process.